Nghiên cứu đề xuất các giải pháp nhằm đẩy nhanh tiến độ giải phóng mặt bằng trên địa bàn quận Ninh Kiều, thành phố Cần Thơ : Luận văn tốt nghiệp Cao học. Chuyên ngành Quản lý đất đai

Đề tài phân tích đánh giá những điểm mạnh và điểm hạn chế trong công tác giải phóng mặt bằng trên địa bàn quận Ninh Kiều thành phố Cần Thơ từ đó đề xuất một số biện pháp nhằm đẩy nhanh tiến độ giải phóng mặt bằng....

Celý popis

Uloženo v:
Podrobná bibliografie
Hlavní autor: Mã, Phụng
Médium: Kniha
Jazyk:Undetermined
Vydáno: Cần Thơ Trường Đại học Cần Thơ 2015
Témata:
Tagy: Přidat tag
Žádné tagy, Buďte první, kdo otaguje tento záznam!
Thư viện lưu trữ: Trung tâm Học liệu Trường Đại học Cần Thơ
LEADER 01244nam a2200217Ia 4500
001 CTU_206029
008 210402s9999 xx 000 0 und d
082 |a 333.73 
082 |b Ph513 
088 |a 60850103 
100 |a Mã, Phụng 
245 0 |a Nghiên cứu đề xuất các giải pháp nhằm đẩy nhanh tiến độ giải phóng mặt bằng trên địa bàn quận Ninh Kiều, thành phố Cần Thơ : 
245 0 |b Luận văn tốt nghiệp Cao học. Chuyên ngành Quản lý đất đai 
245 0 |c Mã Phụng ; Phan Trung Hiền (Cán bộ hướng dẫn) 
260 |a Cần Thơ 
260 |b Trường Đại học Cần Thơ 
260 |c 2015 
520 |a Đề tài phân tích đánh giá những điểm mạnh và điểm hạn chế trong công tác giải phóng mặt bằng trên địa bàn quận Ninh Kiều thành phố Cần Thơ từ đó đề xuất một số biện pháp nhằm đẩy nhanh tiến độ giải phóng mặt bằng. 
650 |a Sử dụng đất,Land use 
904 |i Hải 
980 |a Trung tâm Học liệu Trường Đại học Cần Thơ